Statistiques concernant Personnages Mario 3/5

Cliquez ici pour prendre le quiz!

Statistiques générales

  • Ce quiz a été pris 46 fois
  • Le résultat moyen est 4 sur 18

Statistiques - réponses

DescriptionPersonnage% Correct
Squelette de tortueSkelerex
92%
Petit poisson rougeCheep cheep
59%
Squelette de tortue volanteParaskelerex
49%
Plante surgissant des tuyaux, blanche et rouge avec de longues dentsPlante piranha
46%
Animal à carapace rouge avec plusieurs piquantsHériss
36%
Squelette de piranha avec de longues dentsOssec
23%
Animal à carapace rouge avec un piquantPicos
18%
Sbire de Bowser, fantome de la merBloups
15%
Petite tortue rougeKoopa Troopa rouge
10%
Petite tortue verteKoopa Troopa vert
10%
Animal à carapace bleue avec un piquantBruyinsecte
8%
Sbire de Bowser, est un poisson gris et blanc avec plusieurs piquantsPorc-kipic
5%
Petit poisson violet avec plusieurs piquantsCheep kipic
3%
Petit poisson vertDeep cheep
3%
Petit poisson orangeEep cheep
3%
Petite tortue volante rougeKoopa paratroopa rouge
3%
Petite tortue volante verteKoopa paratroopa vert
3%
Aniamal à carapace grise avec plusieurs piquantsScaraboss
3%

Distribution des résultats

Percentile par nombre de réponses

% des personnes avec chaque résultat

Votre développement - résultats

Vous n’avez pas pris ce quiz